Quizzes
Events
Quiz Creation
Community
Videos
Private Events
Remove Ads
Sign In
Join for FREE
Feedback
Dark Mode
Quiz Categories
Sports
Geography
Music
Movies
Television
Just For Fun
Miscellaneous
History
Literature
Language
Science
Gaming
Entertainment
Religion
Holiday
For Kids
Quiz Lab
Recent
Popular Today
Quiz Kudos Today
Editor Picks
Curator Picks
Quizzes by...
Day
Popularity
Type
Ratings
Length
Year
Community
Subscriptions
Recent Discussions
Orange Saloon
Badges
Playlists
Quests
Create
Leaderboards
Showdown
Live 5
Trivia Bingo
Activity
Puzzle Library
Sporcle Events
Private Events
Virtual Trivia
Globe League
Become a Host
Pub Owners
SporcleCon
Opinionation
Our Games
Videos
Blog
Mobile Apps
Partnerships
Remove Ads and Go Orange
Feedback
Television
TV Characters
TV Show
Sitcom
Network
Friends
Reality Shows
Cast
South Park
Star Trek
The Simpsons
Doctor Who
Television
TV Characters
TV Show
Sitcom
Network
Friends
Reality Shows
Cast
South Park
Star Trek
The Simpsons
Doctor Who
Random Quiz
Search Sporcle
×
Quiz Lab
Quiz Lab
Television
Superhero
Type in answers that appear in a list
Type in answers that appear in a list
Classic
Best Score? Go Orange.
Who Wants to Be a Superhero? Contestants Stats
Can you name the contestants from both US seasons of Who Wants to Be a Superhero?
By
Rotom_493
6m
22 Questions
8 Plays
8 Plays
8 Plays
Comments
Comments
Give Quiz Kudos
Give Quiz Kudos
-
- Ratings
hide this ad
Replay
Link that replays current quiz
Next Quiz
Link to next quiz in quiz playlist
You Got
0%
They Got
Avg Score
59%
Avg Friend Score
Upgrade to see
Score Distribution
Jump to the score distribution portion of the page
Score
0/22
Timer
06:00
0
Plays Today
Season
Superhero
% Correct
Season 1
Rotiart
87.5%
Season 1
Levity
75%
Season 1
Nitro G
75%
Season 1
Cell Phone Girl
75%
Season 1
Major Victory
75%
Season 1
Feedback
75%
Season 2
The Defuser
75%
Season 1
The Iron Enforcer
62.5%
Season 1
Monkey Woman
62.5%
Season 1
Fat Momma
62.5%
Season 2
Braid
62.5%
Season
Superhero
% Correct
Season 2
Mr. Mitzvah
62.5%
Season 2
Parthenon
62.5%
Season 1
Ty'Veculus
50%
Season 1
Creature
50%
Season 1
Lemuria
50%
Season 2
Basura
50%
Season 2
Hyper-Strike
50%
Season 2
Mindset
37.5%
Season 2
Ms. Limelight
37.5%
Season 2
Whip-Snap
37.5%
Season 2
Hygena
37.5%
Quiz Playlist
Details
Report
Send in Message
Add To Playlist
Classic:
Type in answers that appear in a list
Quiz Source
Last Updated: Feb 16, 2017
Quiz Scoreboard
CHALLENGE
Sign Up to Join the Scoreboard
Show All
Scores
Hide
Comments
May contain spoilers
Recently Published
Popular People in 1961
by mucciniale
History
6m
1-10 Letter E Words III
by El_Dandy
Language
2m
One Thing in Common: World Cities II
by knightlancer
Geography
7m
More to Explore
Quiz From the Vault
Featured Blog Post
Where Did the Easter Bunny Come From?
hide this ad
You Might Also Like...
Tags
Comic Books Quiz
Reality Shows Quiz
Superhero Quiz
Comic Character
season
Today's Top Quizzes in Television
Browse Television
hide this ad
Today's Top Quizzes in Superhero
Browse Superhero
Top Contributed Quizzes in Television
1
One Piece Logic Puzzle
2
Survivor Logic Puzzle: Heroes vs. Villains
3
Survivor Seasons
4
Survivor Season by Logo
5
Survivor Trivia
6
Survivor Logic Puzzle: Winners at War
7
Ultimate Survivor Logic Puzzle
8
Phoebe Buffay Quotes
9
Emmerdale Characters (from August 2012)
10
One Thing in Common: Television
Explore More
Trending Topics
NBA
Anime
Crossword
Kpop
Harry Potter
Disney
Marvel
WWE
Puzzle
Pokémon
The Office
Country
NFL
Soccer
Song
hide this ad
More By:
Rotom_493
Quiz
Plays
Rating
Category
Featured
Created
Jenny's Phone Number
102,682
4.32
Music
Feb 18, 2015
Bible or Shakespeare Character?
16,684
4.61
Literature
Jul 3, 2016
Word Ladder: Perry Mason
7,272
4.23
Just For Fun
Feb 13, 2016
Beatitudes Matching
5,154
5.00
Religion
Apr 12, 2015
Burger Ingredients Sorting
3,878
3.61
Miscellaneous
Dec 5, 2015
Go to Creator's Profile
Score Distribution
Quiz Creator Spotlight
Rotom_493
Follow
Send a Message
Quizzes Created
-
Created Quiz Play Count
-
More By This Creator
Popular Quizzes Today
1
Find the US States - No Outlines Minefield
2
The Countries of the World
3
Find the Countries of Europe - No Outlines Minefield
4
Popular People in 1961
5
1-10 Letter E Words III
6
Find the US States
7
One Thing in Common: World Cities II
8
US States
More Television Quizzes
Quick Pick: Angela Quotables (The Office)
Quiz Lab
Trending Quizzes
Risky Map Clicking: Least Populous States A-Z
1-10 Letter F Words
1-10 Letter G Words
One Thing in Common: United Kingdom
Risky Map Clicking: Next State Alphabetically
Recently Updated
Leaping Animals
pecheneg
Reality TV Shows (A-Z)
bhenderson79
Rickey Henderson's Hall of Fame Teammates
pecheneg
Champions League XIs: Arsenal
pecheneg
Quick Pick: Celebrities in WWE's Hall of Fame
aduchscher
A-Z Keypad Blitz II
pecheneg
Multiple Oscar Actors
pecheneg
Mystery Phrase Blitz: Oscar 'Best Actors'
pecheneg
F. Scott Fitzgerald Novels
LTH
Pick 3 Villains
ddd62291
Trending Topics
Kpop
NBA
Disney
Harry Potter
Anime
Marvel
Crossword
NFL
Pokémon
Song
The Office
Country
Puzzle
WWE
Soccer
Your Account Isn't Verified!
In order to create a playlist on Sporcle, you need to verify the email address you used during registration. Go to your
Sporcle Settings
to finish the process.
Report this User
Report this user for behavior that violates our
Community Guidelines
.
Details:
Send Report
Go to the Sporcle.com Mobile Site →
Comments